Statistics for Countries That Were Never Invaded By Great Britain

Click here to take the quiz!

General Stats

  • This quiz has been taken 20 times
  • The average score is 14 of 21

Answer Stats

ContinentAnswer% Correct
EuropeVatican City
88%
South AmericaBolivia
81%
EuropeMonaco
81%
South AmericaParaguay
81%
EuropeAndorra
75%
AfricaCentral African Republic
75%
EuropeLuxembourg
75%
AsiaMongolia
75%
EuropeSweden
75%
AfricaChad
69%
AfricaMali
69%
AsiaTajikistan
69%
North AmericaGuatemala
63%
AfricaRepublic Of The Congo
63%
AsiaUzbekistan
63%
EuropeBelarus
56%
AsiaKyrgyzstan
56%
EuropeLiechtenstein
56%
AfricaIvory Coast
50%
AfricaBurundi
44%
OceaniaMarshall Islands
44%

Score Distribution

Percentile by Number Answered

Percent of People with Each Score

Your Score History

You have not taken this quiz